If Looks Could Kill Tracklist (Destroy Lonely) - Statistics

General Stats
  • This quiz has been taken 156 times
  • The average score is 13 of 26
Answer Stats
Hint Answer % Correct
2 If Looks Could Kill
99%
1 How U Feel?
86%
26 Money and Sex (Bonus Track)
68%
3 Fly Shit
67%
5 Raver
65%
24 Safety (Interlude)
65%
10 Chris Paul
63%
4 Which One
58%
17 Brazy Girls
53%
11 Superstar
51%
25 Your Eyes
48%
7 By the Pound
47%
12 New New
47%
14 Which Way
46%
15 Wagwan
44%
8 All the Time
43%
19 Passenger
43%
16 Moment of Silence
41%
20 Promo
41%
6 Came In Wit
40%
22 Red Light
40%
9 Biggest Problem
38%
18 Going Up
35%
23 Make Sum Work
34%
21 Worth It
34%
13 Right Now
33%
No matching quizzes found
Score Distribution
Percent of People with Each Score
Percentile by Number Answered
Your Score History
You have not taken this quiz